| 000 | 00676nam a22002177a 4500 | ||
|---|---|---|---|
| 005 | 20180322101732.0 | ||
| 010 | _aENG-122360 | ||
| 020 |
_a9788186307960 _c695.00 |
||
| 035 | _aEN-105892 | ||
| 037 | _bDBAD/PUB | ||
| 082 | _a338.6420954162 | ||
| 100 | _aRajkonwar Ajanta Borgohain | ||
| 245 |
_aSmall and medium enterprises in assam/ _cby Ajanta Borgohain Rajkonwar |
||
| 250 | _a1st ed. | ||
| 260 |
_aGuwahati _bDVS Publishers _c2015 |
||
| 270 |
_aH.B. Road, Panbazar, _bGuwahati, Assam, India _e781001 |
||
| 300 |
_a237p. _c24cm.(Hb) _bill. |
||
| 500 | _aincluding bibliography and index | ||
| 700 | _d | ||
| 942 |
_2ddc _cEN _mRAJ _h338.6420954162 |
||
| 999 |
_c150460 _d150460 |
||